| 000 | 00691nam a2200205Ii 4500 | ||
|---|---|---|---|
| 003 | JO-AjNU | ||
| 008 | 230605s9999||||xx |||||||||||||| ||und|| | ||
| 017 | _a1982/364 | ||
| 040 |
_aJO-AjNU _bara _erda _cJO-AjNU |
||
| 041 | _aara | ||
| 050 | 1 | 4 | _aHD5713.H3722.1982 |
| 100 | 3 |
_aالحسن،احسان محمد/فاضل عباس الحسب, _eauthor _938353 |
|
| 245 | 0 | 0 | _aالموارد البشرية |
| 264 | 3 | 1 | _aالعراق: وزارة التعليم العالي والبحث العلمي،1982 |
| 300 | _a210ص | ||
| 336 |
_atext _btxt _2rdacontent |
||
| 337 |
_aunmediated _bn _2rdamedia |
||
| 338 |
_avolume _bnc _2rdacarrier |
||
| 650 | 4 |
_aالسكان-عمل وعمال _938354 |
|
| 999 |
_aA16107 _c19675 _d19675 |
||